[Event "Tournament 14472 - Europe Echecs"]
[Site "Europe Echecs"]
[Date "2020.07.10"]
[Round "9"]
[Time "18:21:07"]
[PlyCount "30"]
[White "MiomandreMouni"]
[Black "MigoliRomain"]
[WhiteElo "1062"]
[BlackElo "1201"]
[Mode "WEB"]
[Result "1-0"]

1. e4 e5 2. Nf3 Nc6 3. Bc4 Bc5 4. c3 Nf6 5. d4 exd4 6. cxd4 Bb4+ 7. Nc3 Nxe4 8.
O-O Nxc3 9. bxc3 Bxc3 10. Qb3 Bxa1 11. Bxf7+ Kf8 12. Bg5 Ne7 13. Ne5 c6 14. Bh5
Nd5 15. Bxd8 {MigoliRomain a abandonné} 1-0

[Event "Tournament 14472 - Europe Echecs"]
[Site "Europe Echecs"]
[Date "2020.07.10"]
[Round "9"]
[Time "18:21:07"]
[PlyCount "129"]
[White "DeMendoncaLeo"]
[Black "GerardKelian"]
[WhiteElo "1199"]
[BlackElo "1056"]
[Mode "WEB"]
[Result "0-1"]

1. e4 e5 2. Nf3 Nc6 3. Nc3 Nf6 4. d3 Bc5 5. Be2 h6 6. O-O d6 7. Qd2 Be6 8. Nd1
d5 9. exd5 Bxd5 10. d4 Nxd4 11. Nxd4 exd4 12. Qf4 Bd6 13. Qxd4 Qe7 14. Ne3 Bc6
15. Nf5 Qf8 16. Qe3+ Be7 17. Nxe7 Qxe7 18. Qxe7+ Kxe7 19. Bf3 Bxf3 20. gxf3 g5
21. f4 gxf4 22. Bxf4 Nd5 23. Bg3 Rhg8 24. Rfe1+ Kf6 25. Rad1 c6 26. c3 h5 27.
Rc1 h4 28. c4 Nb4 29. a3 Nd3 30. Rcd1 Nxe1 31. Rxe1 hxg3 32. hxg3 Rae8 33. Rd1
Re2 34. Rb1 Rge8 35. Kg2 Re1 36. Rxe1 Rxe1 37. g4 Re2 38. b3 Rb2 39. b4 Rb3 40.
f3 Rxa3 41. Kg3 Ra4 42. b5 cxb5 43. cxb5 Rb4 44. f4 Rxb5 45. g5+ Kg7 46. Kg4 a5
47. f5 a4 48. Kh5 Rxf5 49. Kg4 Rxg5+ 50. Kxg5 a3 51. Kf5 a2 52. Ke5 a1=Q+ 53.
Kd6 Qd4+ 54. Kc7 f5 55. Kxb7 Qc4 56. Kb6 Kf7 57. Ka5 Qb3 58. Ka6 Qb4 59. Ka7 Qb5
60. Ka8 f4 61. Ka7 f3 62. Ka8 f2 63. Ka7 f1=Q 64. Ka8 Qa1# {DeMendoncaLeo est échec et mat} 0-1

[Event "Tournament 14472 - Europe Echecs"]
[Site "Europe Echecs"]
[Date "2020.07.10"]
[Round "9"]
[Time "18:21:07"]
[PlyCount "105"]
[White "LedouxCamille"]
[Black "MolinesMartin"]
[WhiteElo "1165"]
[BlackElo "1033"]
[Mode "WEB"]
[Result "0-1"]

1. d4 d5 2. Nf3 Nc6 3. e3 a6 4. Bd3 Nf6 5. O-O Bg4 6. Nbd2 e6 7. b3 Bb4 8. h3
Bh5 9. Bb2 Bxd2 10. Qxd2 Bxf3 11. gxf3 O-O 12. Be2 Re8 13. f4 Ne4 14. Qd1 Qh4
15. Bg4 g6 16. f3 Nf6 17. Bc3 Nxg4 18. hxg4 Qd8 19. Kg2 f6 20. Rh1 e5 21. fxe5
fxe5 22. dxe5 Nxe5 23. Qe1 Re7 24. Qh4 Qd7 25. Bxe5 Rxe5 26. f4 Rxe3 27. Rad1 c6
28. c4 Re7 29. cxd5 Rf7 30. dxc6 Qxc6+ 31. Kg3 Qc3+ 32. Kg2 Qc2+ 33. Kg3 Qxa2
34. Rdg1 Qxb3+ 35. Kf2 Qb2+ 36. Kg3 Qc3+ 37. Kh2 Qd2+ 38. Kg3 Qxf4+ 39. Kg2 Re8
40. Rf1 Re2+ 41. Kh3 Qe3+ 42. Qg3 Qxg3+ 43. Kxg3 Re3+ 44. Kg2 Rxf1 45. Rxf1 Re4
46. Kh3 b5 47. Rb1 Re5 48. Ra1 Re6 49. Rb1 Rb6 50. Rc1 b4 51. Rc8+ Kf7 52. Rc6
Rxc6 {LedouxCamille a abandonné} 0-1

[Event "Tournament 14472 - Europe Echecs"]
[Site "Europe Echecs"]
[Date "2020.07.10"]
[Round "9"]
[Time "18:21:07"]
[PlyCount "76"]
[White "SwietlikAlexan"]
[Black "CayauNolanMael"]
[WhiteElo "1130"]
[BlackElo "999"]
[Mode "WEB"]
[Result "1-0"]

1. e4 e5 2. Nf3 Bc5 3. Nxe5 Nf6 4. d4 Nxe4 5. dxc5 Qf6 6. Qd4 Qxf2+ 7. Kd1 f5 8.
Be3 Qh4 9. g3 Qh5+ 10. Be2 Nf2+ 11. Bxf2 Qh3 12. Nc3 d6 13. cxd6 cxd6 14. Qxd6
Nc6 15. Qc7 Nxe5 16. Bb5+ Bd7 17. Qxe5+ Kd8 18. Bxd7 Kxd7 19. Qd5+ Ke7 20. Bc5+
Kf6 21. Rf1 Qxf1+ 22. Kd2 Rhd8 23. Rxf1 Rxd5+ 24. Nxd5+ Ke5 25. c4 f4 26. gxf4+
Ke4 27. Re1+ Kf5 28. Kd3 g5 29. Re4 gxf4 30. Rxf4+ Kg5 31. Rf3 h5 32. b4 Kg4 33.
Ke4 Kg5 34. b5 Kg4 35. Nc7 Rc8 36. b6 axb6 37. Bxb6 h4 38. h3+ {CayauNolanMael a abandonné} 1-0